000 00635nam a2200217 a 4500
008 951123s1983||||[C 0 slo c
020 _c18 Kčs.
_q(25000 výtl.)
040 _aSNK
_bslo
_cSNK
_eAACR2
041 1 _aslo
_hslo
044 _axo
_cSK
080 _a885.4-3
100 1 _aDzvoník, Emil
_4aut
245 1 0 _aTetanus
_cEmil Dzvoník ; Ján Krížik, Ladislav Borodáč
250 _a2., vyd.
260 _aBratislava
_bSlovenský spisovateľ
_c1983
_eŽilina
_fPravda
300 _a351 s., 20,49 AH
_c20 cm
490 0 _aRetro
_vZv. 28.
700 1 _aKrížik, Ján
_4bkd
700 1 _aBorodáč, Ladislav
_4bkd
958 _aA
999 _c10318
_d10318